Economics: Topic 6, Year 2 Definitions - Statistics

General Stats
  • This quiz has been taken 3 times
  • The average score is 2 of 9
Answer Stats
Definitions Answer % Correct
The transfer of ownership of a business from government to the private sector. Privatisation
100%
The process of removing restrictions and/or regulations that hinder free competition in the supply of goods and services. Deregulation
33%
Gives firms legal rights to create a certain level of pollution over a particular period of time. Pollution Permits
33%
The imposition of rules by government in order to modify or influence the economic behaviour of organisations and individuals. Regulation
33%
An attempt by government to ensure that markets operate more efficiently, competitively and in the interest of consumers. Usually the interest of consumers is the paramount objective. Competition Policy
0%
Describes the legal ownership of a resource by an individual or organisation. Property Rights
0%
A situation in which the government owns property, a firm or an industry. Public Ownership
0%
Occurs when agencies that have been formed by government to monitor and regulate an industry are 'captured' by the industry and start to operate in the interests of the industry rather than the consumers they are meant to protect. Regulatory Capture
0%
Occurs when individuals pursue rational self-interest in the use of a common resource, but in so doing they create adverse effects for the group or society. The Tragedy of the Commons
0%
No matching quizzes found
Score Distribution
Percent of People with Each Score
Percentile by Number Answered
Your Score History
You have not taken this quiz